00816nam a22002415i 450000100090000000300040000900500170001300800410003002000420007104000290011305000140014224500970015626000380025330000450029133600260033633700280036233800270039050400510041765000170046865000400048570000250052570000240055019753679OSt20250612141827.0170620s2017 mau 000 0 eng  a9780128040362 (hardcover)cUSD 125.00 aDLCbengerdacDLCdNUST aQP376 NEU04aThe Neurobiology of brain and behavioral development /c[edited by] Robbin Gibb, Bryan Kolb. aLondon :bAcademic Press,c©2018 axv,479 pages : billustrations ;c24 cm. atextbtxt2rdacontent aunmediatedbn2rdamedia avolumebnc2rdacarrier aIncludes bibliographical references and index. xNeuroscience xNeurophysiology and neuropsychology aGibb, RobbineEditor aKolb, BryaneEditor